000 00379nam a2200169Ia 4500
008 221030s9999 xx 000 0 und d
020 _a0074637703
041 _aEnglish
082 _a105.23
_bNat
100 _aG. Natarajan
245 0 _aKnowledge Management
260 _bTMH
_aNew Delhi
_c2001
300 _a236
650 _aManagement
700 _aS. Shekhar
942 _cBK
999 _c622
_d622